Detalles MARC
| 000 -LEADER |
| fixed length control field |
02144nam a2200313 a 4500 |
| 001 - CONTROL NUMBER |
| control field |
000000690 |
| 003 - CONTROL NUMBER IDENTIFIER |
| control field |
DO-SdBNP |
| 005 - DATE AND TIME OF LATEST TRANSACTION |
| control field |
20221020135511.0 |
| 008 - FIXED-LENGTH DATA ELEMENTS--GENERAL INFORMATION |
| fixed length control field |
090422s2003 dr a 000 0 spa d |
| 040 ## - CATALOGING SOURCE |
| Original cataloging agency |
DO-SdBNP |
| Language of cataloging |
spa |
| Transcribing agency |
BPMSU |
| 082 ## - DEWEY DECIMAL CLASSIFICATION NUMBER |
| Classification number |
323.4 |
| Item number |
P762h 2003 |
| Edition number |
22 |
| 100 1# - MAIN ENTRY--PERSONAL NAME |
| Personal name |
Polanco, Vielka |
| 245 10 - TITLE STATEMENT |
| Title |
Hacia un plan nacional de educación en derechos humanos : |
| Remainder of title |
lineamientos estratégicos 2004-2008 / |
| Statement of responsibility, etc. |
Vielka Polanco, Marta Rodríguez , Jacqueline Jiménez Polanco ; presentación, Nick Fabiancic, Luis Tiburcio ; prefacio primera dama de la República Dominicana Rosa Gómez de Mejía. |
| 260 ## - PUBLICATION, DISTRIBUTION, ETC. (IMPRINT) |
| Place of publication, distribution, etc. |
Santo Domingo : |
| Name of publisher, distributor, etc. |
UNESCO, |
| Date of publication, distribution, etc. |
2003. |
| 300 ## - PHYSICAL DESCRIPTION |
| Extent |
2v. : |
| Other physical details |
il. ; |
| Dimensions |
27 cm. |
| 505 0# - FORMATTED CONTENTS NOTE |
| Miscellaneous information |
v. 1. |
| Title |
Diagnóstico -- |
| -- |
Prefacio -- |
| -- |
Presentación -- |
| -- |
Introducción -- |
| -- |
Antecedentes -- |
| -- |
Fundamentos teóricos y metodológicos -- |
| -- |
Metodología -- |
| -- |
Matriz utilizada para la recopilación y examen de información -- |
| -- |
Diagnóstico de la educación en derechos humanos en la enseñanza formal básica, media, superior y la formación de maestros/as / |
| Statement of responsibility |
Vielka Polanco -- |
| Title |
Diagnóstico sobre la situación de la educación en derechos humanos en administración pública, sector justicia, las Fuerzas Armadas y la Policía Nacional / |
| Statement of responsibility |
Martha Rodríguez Caba -- |
| Title |
Diagnóstico de la educación en derecho humanos desde el horizonte de la sociedad civil / |
| Statement of responsibility |
Jaqueline Jiménez Polanco -- |
| Miscellaneous information |
v. 2 . |
| Title |
Lineamientos estratégicos --- |
| -- |
Diagnóstico sobre la educación en derechos humanos en la República Dominicana -- |
| -- |
Hacia un plan nacional de educación en derechos humanos -- |
| -- |
Estrategias para la implementación del plan nacional. |
| 590 ## - LOCAL NOTE (RLIN) |
| Local note |
Inventariado, 2022/VM |
| 650 #4 - SUBJECT ADDED ENTRY--TOPICAL TERM |
| Topical term or geographic name as entry element |
Derechos humanos |
| General subdivision |
Estudio y enseñanza |
| Geographic subdivision |
República Dominicana |
| 650 #4 - SUBJECT ADDED ENTRY--TOPICAL TERM |
| Topical term or geographic name as entry element |
Educación |
| Geographic subdivision |
República Dominicana |
| 650 #4 - SUBJECT ADDED ENTRY--TOPICAL TERM |
| Topical term or geographic name as entry element |
Educación |
| General subdivision |
Legislación |
| Geographic subdivision |
República Dominicana |
| 700 1# - ADDED ENTRY--PERSONAL NAME |
| Personal name |
Rodríguez, Marta |
| 700 1# - ADDED ENTRY--PERSONAL NAME |
| Personal name |
Jiménez Polanco, Jacqueline |
| 700 1# - ADDED ENTRY--PERSONAL NAME |
| Personal name |
Fabiancic, Nick |
| 700 1# - ADDED ENTRY--PERSONAL NAME |
| Personal name |
Tiburcio, Luis |
| 700 1# - ADDED ENTRY--PERSONAL NAME |
| Personal name |
Gómez de Mejía, Rosa |
| 710 2# - ADDED ENTRY--CORPORATE NAME |
| Corporate name or jurisdiction name as entry element |
Programa de las Naciones Unidas para el Desarrollo |
| 910 ## - USER-OPTION DATA (OCLC) |
| User-option data |
VMateo V./Validado. |
| 942 ## - ADDED ENTRY ELEMENTS (KOHA) |
| Source of classification or shelving scheme |
Dewey Decimal Classification |
| Koha item type |
Libros |